000 00724cam a2200217 4500
001 WB3611-22
008 000000n2000 000 0 eng u
035 _a(Sirsi) u104849
245 _aPrescott aims for greener, cheaper homes
260 _c2000
490 _aTimes
_v 11 March 2000, 7(1)
520 _aJohn Prescott has outlined plans for the type of new housing he foresees for the UK. This would include more efficient use of water and energy and more cost effective construction.
590 _aWB
650 _aNEW HOUSING
650 _aCOST-EFFECTIVENESS
650 _aENERGY CONSCIOUS DESIGN
650 _aWATER CONSERVATION
650 _aHOUSING TARGETS
690 _aHOUSING-DEVELOPMENT
942 _n0
999 _c62901
_d62901